书目信息 |
| 题名: |
气体脱硫过程分析方法
|
|
| 作者: | 张龙 主编 | |
| 分册: | ||
| 出版信息: | 北京 化学工业出版社 2006 |
|
| 页数: | ||
| 开本: | 20cm | |
| 丛书名: | ||
| 单 册: | ||
| 中图分类: | TQ031.9 | |
| 科图分类: | ||
| 主题词: | 化学反应过程 | |
| 电子资源: | ||
| ISBN: | 7-5025-9535-X | |
| 000 | 00531nam0 2200181 450 | |
| 001 | 0754114953 | |
| 005 | 20070929150154.95 | |
| 010 | @a7-5025-9535-X | |
| 100 | @a20070929d km y0chiy0120 ea | |
| 101 | 0 | @achi |
| 200 | 1 | @a气体脱硫过程分析方法@Aqi ti tuo liu guo cheng fen xi fang fa@f张龙 主编@Fzhang long zhu bian |
| 210 | @a北京@c化学工业出版社@d2006 | |
| 215 | @c插图@d20cm | |
| 606 | 0 | @a化学反应过程 |
| 690 | @aTQ031.9@v3 | |
| 701 | 0 | @a张龙@Azhang long@4主编 |
| 801 | 0 | @aCN@bPFT@c20070929 |
| 905 | @a213230@dTQ031.9@eh139@f1 | |
| 气体脱硫过程分析方法/张龙 主编.-北京:化学工业出版社,2006 |
| 插图;20cm |
| ISBN 7-5025-9535-X: |
| ● |
| 相关链接 |
|
|
|
|
正题名:气体脱硫过程分析方法
索取号:TQ031.9/h139
 
预约/预借
| 序号 | 登录号 | 条形码 | 馆藏地/架位号 | 状态 | 备注 |
| 1 | 6002183 | 260021835 | 密集书库-化学系/ [索取号:TQ031.9/h139] | 在馆 |